000 00253nam a2200109Ia 4500
005 20251222114355.0
008 251222s1900||||xx |||||||||||||| ||spa||
082 _aDVD0099/G79/1989
245 0 _aHistoria del hombre
264 _bBarzyk, Fred
942 _cDVD
999 _c1397
_d1397